000 00291nam a2200157Ia 4500
100 _aGMAT
250 _a10
942 _cBK
654 _aBarrons
245 _aBarrons I Choice
260 _bBarrons
_c1994
082 _a658
_bGRU
300 _a575
546 _aENGLISH
999 _c23499
_d23499